Complete book of child care / (Record no. 4656)

MARC details
000 -LEADER
fixed length control field 00579 a2200181 4500
005 - DATE AND TIME OF LATEST TRANSACTION
control field 20181004142543.0
010 ## - LCCN (DPL NO)
LC control number ENG-86524
020 ## - INTERNATIONAL STANDARD BOOK NUMBER
International Standard Book Number 818382112X
Terms of availability 150.00
035 ## - SYSTEM CONTROL NUMBER
System control number EN-70057
037 ## - SOURCE OF ACQUISITION
Source of stock number/acquisition DBAD / PUB
082 ## - DEWEY DECIMAL CLASSIFICATION NUMBER
Classification number 649.1
245 ## - TITLE STATEMENT
Title Complete book of child care /
Statement of responsibility, etc edited by Rajeev Sharma
260 ## - PUBLICATION, DISTRIBUTION, ETC. (IMPRINT)
Place of publication, distribution, etc New Delhi
Name of publisher, distributor, etc Lotus Press
Date of publication, distribution, etc 2007
270 ## - ADDRESS
Address 4263/3, Ansari Road, Darya Ganj
City New Delhi
Postal code 110 002
Telephone number 011-32903912, 011-23290047
Electronic mail address lotus_press@sify.com
300 ## - PHYSICAL DESCRIPTION
Extent 223 p.
Dimensions 22cm (Pbk)
700 ## - ADDED ENTRY--PERSONAL NAME
Personal name Sharma, Rajeev
942 ## - ADDED ENTRY ELEMENTS (KOHA)
Institution code [OBSOLETE] dpl
Item type English Books
Source of classification or shelving scheme Dewey Decimal Classification
Classification part 649.1
Call number suffix COM
Holdings
Withdrawn status Lost status Not for loan Collection code Home library Current library Source of acquisition Cost, normal purchase price Full call number Barcode Copy number Cost, replacement price Koha item type Date acquired
    Not For Loan Non-fiction D.B.Act.Division D.B.Act.Division DBAD/PUB 150.00 649.1 COM EN-70057 1 150.00 English Books  
      Non-fiction Vinoba Puri Vinoba Puri   150.00 649.1 COM B-317487 1 150.00 English Books 02/03/2009

© Delhi Public Library
Hit Counter
free hit counter